000 00744nam a2200217 a 4500
001 52673
003 BD-RjUL
005 20211209075837.0
008 16092 s1966 ne a b 001 0 eng
035 _a(BD-RjUL)52793
040 _aDLC
_cODaWU
_dOCoLC
_dDLC
_dBD-RjUL
_beng
041 1 _aengfre
082 0 0 _223
_a330.0151
_bFRM 1966
100 1 _aFrisch, Ragnar
_d1895-1973.
_9157526
245 1 0 _aMaxima and minima :
_btheory and economic applications /
_c Ragnar Frisch in collaboration with A. Nataf
260 _aDordrecht, Holland ;
_bD. Reidel Pub. Co.,
_aChicago :
_bRand McNally,
_c1966
300 _axii, 176 p.
_bill.
_c23 cm.
504 _aIncludes Bibliography and index
650 0 _aEconomics, Mathematical.
_9157527
942 _2ddc
_cBK
999 _c52673
_d52673